[Event "VIE-ch U13"]
[Site "Ho Chi Minh City"]
[Date "2014.07.17"]
[Round "7"]
[White "Nguyen, Quang Trung"]
[Black "Nguyen, Xuan Hieu"]
[Result "0-1"]
[WhiteElo "1759"]
[BlackElo "1793"]
[PlyCount "84"]
[EventDate "2014.07.13"]
[EventType "swiss"]
[EventRounds "9"]
[EventCountry "VIE"]
[SourceTitle "EXT 2016"]
[Source "ChessBase"]
[SourceDate "2015.10.08"]
[SourceVersion "1"]
[SourceVersionDate "2015.10.08"]
[SourceQuality "1"]

1. d4 d5 2. c4 c6 3. Nc3 Nf6 4. Bf4 Bf5 5. e3 e6 6. Nf3 Bd6 7. Bxd6 Qxd6 8. c5 Qc7 9. Bd3 Bxd3 10. Qxd3 Nbd7 11. 0-0 0-0 12. Rac1 e5 13. Qe2 exd4 14. exd4 Rfe8 15. Qc2 h6 16. Rfe1 Qf4 17. Ne2 Qe4 18. Qd2 Qg6 19. Ng3 Ne4 20. Qb4 Rab8 21. Nh4 Qf6 22. Nhf5 b6 23. Nxe4 Rxe4 24. Rxe4 dxe4 25. Ng3 bxc5 26. Qa4 Rxb2 27. Rf1 Qxd4 28. Qxa7 e3 29. fxe3 Qxe3+ 30. Kh1 Qd2 31. Qa8+ Kh7 32. Qxc6 Nf6 33. Rg1 Qd5 34. Qa6 Rxa2 35. Qb5 Ng4 36. h3 Ne3 37. Ne2 c4 38. Qb1+ Rc2 39. Nc3 Qd3 40. Nd1 Nxd1 41. Rxd1 Qg6 42. Rg1 Rxg2 0-1

[Event "VIE-ch U13"]
[Site "Ho Chi Minh City"]
[Date "2014.07.17"]
[Round "8"]
[White "Nguyen, Xuan Hieu"]
[Black "Bui, Duc Huy"]
[Result "0-1"]
[WhiteElo "1793"]
[BlackElo "1787"]
[PlyCount "94"]
[EventDate "2014.07.13"]
[EventType "swiss"]
[EventRounds "9"]
[EventCountry "VIE"]
[SourceTitle "EXT 2016"]
[Source "ChessBase"]
[SourceDate "2015.10.08"]
[SourceVersion "1"]
[SourceVersionDate "2015.10.08"]
[SourceQuality "1"]

1. d4 f5 2. Nc3 Nf6 3. Bf4 e6 4. e3 d6 5. Bd3 Be7 6. e4 0-0 7. Nge2 Nc6 8. 0-0 e5 9. dxe5 dxe5 10. Bg5 f4 11. Bc4+ Kh8 12. Bxf6 Bxf6 13. Qxd8 Bxd8 14. Rad1 f3 15. gxf3 Bh3 16. Rfe1 Rxf3 17. Rd3 Rxd3 18. cxd3 Bh4 19. Ng3 Nd4 20. Rc1 Rf8 21. Rd1 Bg4 22. Rc1 Bh3 23. Rd1 Nf3+ 24. Kh1 Bg4 25. Nce2 Nd4 26. Re1 Nxe2 27. Rxe2 Bxe2 28. Nxe2 Bxf2 29. Nc3 c6 30. Kg2 Bd4 31. Nd1 h5 32. a4 Kh7 33. b4 Kg6 34. b5 cxb5 35. axb5 Kg5 36. Be6 Rb8 37. Nf2 Bxf2 38. Kxf2 Kf4 39. Ke2 g5 40. h3 g4 41. hxg4 hxg4 42. Kf2 Rh8 43. Kg2 g3 44. Bh3 Rxh3 45. Kxh3 Kf3 46. d4 g2 47. dxe5 g1Q 0-1

[Event "VIE-ch U13"]
[Site "Ho Chi Minh City"]
[Date "2014.07.16"]
[Round "6"]
[White "Nguyen, Xuan Hieu"]
[Black "Le, Nam Thien"]
[Result "1-0"]
[WhiteElo "1793"]
[BlackElo "1763"]
[PlyCount "127"]
[EventDate "2014.07.13"]
[EventType "swiss"]
[EventRounds "9"]
[EventCountry "VIE"]
[SourceTitle "EXT 2016"]
[Source "ChessBase"]
[SourceDate "2015.10.08"]
[SourceVersion "1"]
[SourceVersionDate "2015.10.08"]
[SourceQuality "1"]

1. d4 d5 2. Nc3 Nf6 3. Bf4 e6 4. e3 c5 5. dxc5 Bxc5 6. Bd3 0-0 7. Bg5 Be7 8. Nf3 a6 9. 0-0 b5 10. a3 Bb7 11. Re1 Nbd7 12. e4 dxe4 13. Nxe4 Nxe4 14. Bxe7 Qxe7 15. Bxe4 Nf6 16. Bxb7 Qxb7 17. Qe2 Rfd8 18. Rad1 Qc7 19. Rxd8+ Rxd8 20. Rd1 Rd6 21. Kf1 Kf8 22. Rxd6 Qxd6 23. Qd2 Ne4 24. Qxd6+ Nxd6 25. b3 a5 26. Ke2 a4 27. Kd3 b4 28. bxa4 bxa3 29. Nd2 Nb7 30. Kc3 Nc5 31. a5 Ke7 32. f3 Kd6 33. Nc4+ Kc6 34. Nxa3 Nb7 35. Kb4 f6 36. Nb5 h6 37. c4 e5 38. Na7+ Kc7 39. c5 f5 40. c6 Nd8 41. Kc5 Ne6+ 42. Kd5 Nf4+ 43. Kxe5 Nxg2 44. Kxf5 Nh4+ 45. Ke4 Ng6 46. Kd4 Nf4 47. Ke5 Ng6+ 48. Ke4 Ne7 49. Kd4 Kb8 50. Nb5 Nxc6+ 51. Ke4 Nxa5 52. Kf5 Nc4 53. Nd4 Nd6+ 54. Kg6 Kc8 55. Kxg7 h5 56. Kg6 h4 57. Nf5 Nc4 58. Nxh4 Kd8 59. f4 Ke8 60. Kg7 Nd6 61. f5 Kd7 62. f6 Ke6 63. Ng6 Ne4 64. f7 1-0